Realization spaces of polytopes
Αποθηκεύτηκε σε:
| Κύριος συγγραφέας: | |
|---|---|
| Μορφή: | Βιβλίο |
| Γλώσσα: | English |
| Δημοσίευση: |
Berlin ; Heidelberg :
Springer,
c1996
|
| Σειρά: | Lecture notes in mathematics (Springer-Verlag)
; 1643 |
| Θέματα: | |
| Ετικέτες: |
Προσθήκη ετικέτας
Δεν υπάρχουν, Καταχωρήστε ετικέτα πρώτοι!
|
MARC
| LEADER | 00000nam a2200000 i 4500 | ||
|---|---|---|---|
| 001 | 1/92851 | ||
| 008 | 991116s1996 eng d | ||
| 020 | |a 3540620842 | ||
| 035 | |l 10054202 | ||
| 040 | |a GR-MY-UA |b gre |e aacr | ||
| 041 | 0 | |a eng | |
| 082 | 0 | |a 516.35 | |
| 100 | 1 | |a Richter-Gebert, Jurgen |d 1963- | |
| 245 | 1 | 0 | |a Realization spaces of polytopes / |c Jurgen Richter-Gebert |
| 260 | |a Berlin ; Heidelberg : |b Springer, |c c1996 | ||
| 300 | |a x, 187 p.; |b ill.; |c 24 cm. | ||
| 490 | 1 | |a Lecture notes in mathematics (Springer-Verlag) |v ; 1643 | |
| 500 | |a Includes bibliographical references and index | ||
| 650 | 0 | 0 | |a Polytopes. |
| 650 | 0 | 0 | |a Matroids. |
| 830 | 0 | |a Lecture notes in mathematics (Springer-Verlag) |v ; 1643 | |
| 852 | |a INST |b SAMOS |e 19991116 |h 516.35 RIC |p 005300017049 |q 005300017049 |t BK |y 0 | ||
| 901 | |a BIBL3-1999-3 | ||
| 909 | |a Σ |b 067322 | ||
| 922 | |a 3ΕΛΗ |b 199909 |c ΕΠΕΑΕΚ/ΜΑΘ |d ΠΑΠΑΣΩΤΗΡΙΟΥ | ||
| 970 | |a ΓΕΝΟΥΖΟΥ |b ΧΡΥΣΑΝΘΗ |z 1999/11/16 | ||